| 000 | 01209nam a22002657a 4500 | ||
|---|---|---|---|
| 005 | 20170124103204.0 | ||
| 010 | _aA-451946 | ||
| 020 | _c50.00 | ||
| 035 | _aA-451946 | ||
| 037 | _bCen Lib/Ret | ||
| 040 |
_aDPL _bHN |
||
| 082 |
_a181.43 _bचतुर्वे |
||
| 100 |
_aचतुर्वेदी, उर्मिला _942542 |
||
| 245 |
_aसांख्यदर्शन और विज्ञानभिक्षु / _cउर्मिला चतुर्वेदी |
||
| 246 |
_aSankhyedarshan aur vigyanbhikshu / _bby Urmila Chaturvedi |
||
| 260 |
_aवाराणसी _bकला प्रकाशन _c1981 |
||
| 270 |
_bवाराणसी _aके-37/55, ग्वालदास साहू लेन, बुलानाला _e221001 |
||
| 300 |
_a287पृ. _c20सेमी(सजिल्द) |
||
| 500 | _aअनुक्रमाणिका शामिल | ||
| 650 |
_aसांख्य-दर्शन -- सिद्धान्त _976815 |
||
| 650 |
_aहिन्दू धर्म _993276 |
||
| 650 |
_aSankhya philosophy - Theory _993277 |
||
| 650 |
_aHinduism _993278 |
||
| 942 |
_2ddc _cHN _h181.43 _mचतुर्वे |
||
| 999 |
_c120892 _d120892 |
||